000 00215nam a22000857a 4500
008 170113b xxu||||| |||| 00| 0 eng d
100 _92403
_aSharma.J.P.
245 _aBiology Practical-XI
260 _aNew Delhi
_bL.P.
_c2011
999 _c5430
_d5430